Repetitions and variations in the Fourth gospel: style, text, interpretation

Gespeichert in:
Bibliographische Detailangaben
Hauptverfasser: Belle, Gilbert van (VerfasserIn), Labahn, Michael (VerfasserIn), Maritz, Pieter (VerfasserIn)
Format: Buch
Sprache:Englisch
Deutsch
Französisch
Veröffentlicht: Lovaina Peeters 2009
Ausgabe:1a. ed
Schriftenreihe:Bibliotheca Ephemeridum Theologicarum Lovaniensium, 223
Schlagworte:
Tags: Tag hinzufügen
Keine Tags, Fügen Sie den ersten Tag hinzu!

MARC

LEADER 00000nam a2200000 a 4500
001 UCG7232
003 CL-VaPUC
008 110701e20090000BE |||||||||||||||||eng|d
020 |a 9789042921542 
041 0 7 |a eng  |2 CL-VaPUC 
041 0 7 |a ger  |2 CL-VaPUC 
041 0 7 |a fre  |2 CL-VaPUC 
082 0 4 |a 226.5066  |b BEL  |2 21 
100 0 |a Belle, Gilbert van  |e author  |9 557904 
700 0 |a Labahn, Michael  |e author  |9 557905 
700 0 |a Maritz, Pieter  |e author  |9 557906 
245 1 0 |a Repetitions and variations in the Fourth gospel: style, text, interpretation 
250 |a 1a. ed 
300 |a 711 p 
942 |c BK 
945 |d 20110701 00:00:00  |a cmena 
260 |a Lovaina  |b Peeters  |c 2009 
600 0 |a San Juan Evangelista   |9 337229 
650 0 |a Nuevo testamento  |9 257604 
650 0 |a Biblia  |9 257603 
650 0 |a Crítica e interpretación   |9 255042 
650 0 |a Congresos  |9 257560 
650 0 |a Evangelios  |9 314864 
583 |a last modification  |c 20110701 00:00:00  |k Rodrigo Vera 
490 0 |a Bibliotheca Ephemeridum Theologicarum Lovaniensium, 223 
999 |c 345293  |d 345291 
952 |0 0  |1 0  |4 0  |6 226_506600000000000_BEL_2009  |7 0  |8 A  |9 443784  |a BIBTEO  |b BIBTEO  |d 2019-11-22  |i 4786866  |o 226.5066 BEL 2009  |p 4786866  |r 2025-01-17  |w 2019-11-22  |y BK  |k ICR